000
00337 a2200109 4500
001
ART_12795
005
20260410161733.0
008
260409a
245
1
0
_a
El desafío empresario en la decada del ´90
100
1
_a
Hermida, Jorge Alfredo
773
0
_t
Ejecutivos de finanzas
_g
- Año 7, Nº 60 (oct. 1989)
_w
REV2863
999
_c
18040
_d
18040